| 000 | 00529 a2200193 4500 | ||
|---|---|---|---|
| 005 | 20260401105831.0 | ||
| 008 | 260319b |||||||| |||| 00| 0 eng d | ||
| 020 |
_a9789370441439 _cRs. 2100.00 |
||
| 040 | _aMAIN | ||
| 082 |
_a320.01 _bN164G |
||
| 100 | _aNarayan, Kumkum | ||
| 245 | _aGandhi and Tagore: Politics, truth and conscience | ||
| 260 |
_bAsia Publishers and Distributors _c2025 _aNew Delhi |
||
| 300 | _ax, 240 | ||
| 650 | _aPolitical Science | ||
| 650 | _aTruth | ||
| 650 | _aMoral Philosophy | ||
| 942 | _cBK | ||
| 999 |
_c395746 _d395746 |
||